[Event "Groningen op"]
[Site "Groningen"]
[Date "1999.12.26"]
[Round "7"]
[White "Everet, Alexandro"]
[Black "Wang, Lei"]
[Result "1/2-1/2"]
[WhiteElo "2294"]
[BlackElo "2440"]
[PlyCount "120"]
[EventDate "1999.12.19"]
[EventType "swiss"]
[EventRounds "11"]
[EventCountry "NED"]
[SourceTitle "CBM 073 Extra"]
[Source "ChessBase"]
[SourceDate "2000.01.11"]
[SourceVersion "1"]
[SourceVersionDate "2000.01.11"]
[SourceQuality "1"]

1. d4 d5 2. c4 e6 3. Nc3 c6 4. e3 Nf6 5. f4 Be7 6. Bd3 c5 7. Nf3 0-0 8. 0-0 Nc6 9. cxd5 exd5 10. h3 c4 11. Bb1 Bb4 12. Bd2 Ne7 13. g4 Ne8 14. Qe1 Bxc3 15. Bxc3 f5 16. Qh4 a5 17. a4 Nf6 18. Ne5 Nc6 19. gxf5 Ne7 20. Kh2 Bxf5 21. Rg1 Bxb1 22. Raxb1 Nf5 23. Qg5 Ne4 24. Qg2 Qe8 25. Ra1 Rf6 26. Qf3 b6 27. Rg5 Rd8 28. Rgg1 Rdd6 29. Be1 Rde6 30. Rg2 Rf8 31. Ra3 Rh6 32. Rc2 Qe7 33. Ng4 Re6 34. Ne5 Kh8 35. Rxc4 Ng5 36. Qxd5 Nxh3 37. Kxh3 Qxa3 38. bxa3 Rh6+ 39. Kg2 Nxe3+ 40. Kf3 Nxd5 41. Nf7+ Kg8 42. Nxh6+ gxh6 43. Bd2 Rf6 44. Ke4 Ne7 45. d5 Rd6 46. Rd4 Kf7 47. f5 Rf6 48. Bf4 Nxf5 49. Rc4 Nd6+ 50. Bxd6 Rxd6 51. Ke5 Rg6 52. Rc7+ Ke8 53. Rxh7 Kd8 54. d6 Rg4 55. Rxh6 Rxa4 56. Ke6 Re4+ 57. Kd5 Ra4 58. Kc6 Rc4+ 59. Kxb6 a4 60. Kb5 Rd4 1/2-1/2

[Event "Asia-chT fin 02nd (Women)"]
[Site "Shenyang"]
[Date "1999.10.??"]
[Round "5"]
[White "Battsetseg, Tsagaan"]
[Black "Wang, Lei"]
[Result "0-1"]
[WhiteElo "2195"]
[BlackElo "2440"]
[PlyCount "196"]
[EventDate "1999.10.??"]
[EventType "team"]
[EventRounds "5"]
[EventCountry "CHN"]
[SourceTitle "EXT 2000"]
[Source "ChessBase"]
[SourceDate "1999.11.16"]
[SourceVersion "1"]
[SourceVersionDate "1999.11.16"]
[SourceQuality "1"]
[WhiteTeam "Mongolia (W)"]
[BlackTeam "China (W)"]
[WhiteTeamCountry "MGL"]
[BlackTeamCountry "CHN"]

1. Nf3 d5 2. d4 c6 3. c4 e6 4. e3 Nf6 5. Nbd2 Nbd7 6. b3 Bd6 7. Bd3 Qe7 8. Bb2 e5 9. cxd5 e4 10. dxc6 bxc6 11. Be2 exf3 12. Bxf3 Bb7 13. 0-0 Nb6 14. a4 a5 15. Qc2 0-0 16. Rac1 Nfd5 17. Ne4 Nb4 18. Qb1 f5 19. Nxd6 Qxd6 20. Rfd1 N6d5 21. Ba3 Rf6 22. g3 Qd8 23. Rc5 Ba6 24. Bg2 Rb8 25. Bf3 Bc8 26. Rdc1 Be6 27. Bxb4 Nxb4 28. R1c3 Bd5 29. Bxd5+ Nxd5 30. Rc2 Qb6 31. Rb2 Qb4 32. Qc1 Rb6 33. Rb1 Ra6 34. Qc4 Qxc4 35. Rxc4 Kf8 36. Kf1 Rh6 37. Rbc1 Ke7 38. h4 Re6 39. Rc5 Kd6 40. Ke2 g6 41. Kf3 Nf6 42. Kf4 Re7 43. R1c2 h6 44. Kf3 Ne4 45. R5c4 Rb7 46. Rb2 Rab6 47. Rbc2 Rc7 48. Rb2 Rxb3 49. Rxb3 Nd2+ 50. Kf4 Nxb3 51. h5 gxh5 52. Rc3 Rb7 53. Kxf5 c5 54. dxc5+ Nxc5 55. Kg6 Rb2 56. Kxh6 Rxf2 57. Kxh5 Ne4 58. Rc8 Nxg3+ 59. Kg4 Nf1 60. e4 Ra2 61. e5+ Kd5 62. Kf5 Rxa4 63. Rd8+ Kc5 64. e6 Ne3+ 65. Ke5 Nc4+ 66. Kf6 Nd6 67. Ra8 Kb6 68. e7 Re4 69. Rd8 Kc6 70. Ra8 a4 71. Ra6+ Kc7 72. Ra8 Kb6 73. Rd8 Kc5 74. Ra8 Kc6 75. Ra6+ Kc7 76. Ra7+ Kb8 77. Ra6 Ne8+ 78. Kf5 Rb4 79. Kg6 Kc7 80. Kf7 Rb8 81. Rxa4 Kd7 82. Ra7+ Nc7 83. Ra1 Nb5 84. Rd1+ Nd6+ 85. Kf6 Rh8 86. Kg7 Re8 87. Kf6 Rxe7 88. Ra1 Rf7+ 89. Kg6 Rf2 90. Ra7+ Ke6 91. Ra1 Rg2+ 92. Kh7 Kf6 93. Rf1+ Nf5 94. Ra1 Rg7+ 95. Kh8 Rb7 96. Rf1 Rc7 97. Kg8 Ra7 98. Kf8 Ra8# 0-1